00222nam a22000857a 4500008004100000082002000041245003600061260003000097300000900127230623b xxu||||| |||| 00| 0 eng d a330.9bALE 1975 aThe Political Economy of Change aUKbBasil Blackwellc1975 a185p